Detalles MARC
| 000 -LÍDER |
| Campo fijo de descripción fija |
01463cam a2200337 i 4500 |
| 001 - NÚMERO DE CONTROL |
| Campo de control |
20448 |
| 003 - IDENTIFICADOR DEL NÚMERO DE CONTROL |
| Campo de control |
CO-MdFUSB |
| 005 - FECHA Y HORA DE LA ULTIMA TRANSACCIÓN |
| control field |
20190814163336.0 |
| 008 - ELEMENTOS DE LONGITUD FIJA -- INFORMACIÓN GENERAL |
| Campo fijo de descripción fija -- Información general |
161020b xxu||||| |||| 00| 0 eng d |
| 020 ## - NÚMERO INTERNACIONAL NORMALIZADO PARA LIBROS |
| Número Internacional Normalizado del libro |
978-0-8028-6401-7 |
| 040 ## - FUENTE DE CATALOGACIÓN |
| Agencia de catalogación original |
CO-MdFUSB |
| Idioma de catalogación |
Español |
| Agencia que realiza la transcripción |
CO-MdFUSB |
| Agencia que realiza la modificación |
CO-MdFUSB |
| Convenciones de la descripción |
rda |
| 041 ## - CÓDIGO DE IDIOMA |
| Código de idioma para texto/pista de sonido o título separado |
eng |
| 082 ## - NÚMERO DE CLASIFICACIÓN DECIMAL DEWEY |
| Número de la edición del Dewey |
24 |
| Número de clasificación |
230.04624 |
| Clave de autor-Numero de item |
V946b |
| 100 1# - ASIENTO PRINCIPAL--NOMBRE PERSONAL |
| Nombre personal |
Vondey, Wolfgang |
| Término relacionador |
autor |
| 245 10 - TÍTULO |
| Título del Material |
Beyond pentecostalism |
| Parte restante del título - Subtitulo |
: The crisis of global Christianity and the renewal of the theological agenda |
| Mención de responsabilidad, etc. |
/ Wolfgang Vondey |
| 264 #1 - PRODUCCIÓN, PUBLICACIÓN, DISTRIBUCIÓN, MANUFACTURA, Y COPYRIGHT |
| Lugar de producción, publicación, distribución, manufactura |
Grand Rapids, Michigan : |
| Nombre del productor, publicador, distribuidor |
William B. Eerdmans Publishing, |
| Fecha de producción, publicación, distribución, manufactura, o copyright |
℗[2010] |
| 264 #4 - PRODUCCIÓN, PUBLICACIÓN, DISTRIBUCIÓN, MANUFACTURA, Y COPYRIGHT |
| Lugar de producción, publicación, distribución, manufactura |
©2010 |
| 300 ## - DESCRIPCIÓN FÍSICA |
| Extensión |
xiii, 267 páginas |
| Dimensiones |
; |
| 336 ## - TIPO DE CONTENIDO |
| Fuente |
rdacontent |
| Término de tipo de contenido |
texto |
| Código de tipo de contenido |
txt |
| 337 ## - TIPO DE MEDIO |
| Fuente |
rdamedia |
| Nombre del tipo de medio |
sin mediación |
| Código del tipo de medio |
n |
| 338 ## - TIPO DE SOPORTE |
| Fuente |
rdacarrier |
| Nombre del tipo de soporte |
volumen |
| Código Tipo de soporte |
nc |
| 500 ## - NOTA GENERAL |
| Nota General |
Incluye índices (p. 261-267) |
| 505 00 - NOTA DE CONTENIDO |
| Nota de contenido con formato preestablecido |
Pentecostalismo y el cristianismo mundial a finales del mundo moderno - Teología, historia, y la crisis de la imaginación - Sólo escritura, la palabra de Dios y la crisis de la revelación - Trinidad, unidad, y la crisis del credo - Estructura, liminalidad y la crisis de la liturgia - Eclesialidad, cultura y la crisis de la cristiandad - Pentecostalismo, renovación y la crisis de juego |
| 540 ## - NOTA DE CONDICIONES DE USO Y REPRODUCCION |
| Términos que regulan el uso y reproducción |
Rústico |
| 650 #0 - ASIENTO SECUNDARIO DE MATERIA - TERMINO TEMÁTICO |
| 9 (RLIN) |
142 |
| Término temático o nombre geográfico como elemento de entrada |
Pentecostalismo |
| 650 #7 - ASIENTO SECUNDARIO DE MATERIA - TERMINO TEMÁTICO |
| 9 (RLIN) |
222 |
| Término temático o nombre geográfico como elemento de entrada |
Iglesias protestantes |
| 653 ## - TÉRMINO DE INDIZACIÓN - NO CONTROLADO |
| Término no controlado |
Teología pentecostal |
| 942 ## - TIPO DE MATERIAL (KOHA) |
| Tipo de Item KOHA |
Libros General |
| 945 ## - INFORMACIÓN LOCAL DEL REGISTRO |
| Catalogador |
ANF-558 |
| Revisión registro |
AEM-53 |